000 00685nam a2200193 i 4500
001 140992
003 ES-MaACL
005 20230906200210.0
007 t|
008 070918s1971 sp ||||1| spa d
100 1 _aWalter, Gérard.
_9116007
245 1 3 _aLa revolución inglesa /
_cpor Gerard Walter ; Cosas de España / por Gerard Walter ; La sociedad y la cultura europeas / por Antonio Jutglar ; [traducido por J. Mª Zainqui y otros].
250 _a[1ª ed.].
260 _aBarcelona :
_bGrijalbo,
_c1971.
300 _a648 p., 11 lám. ;
_c22 cm.
700 1 _aJutglar, Antoni.
_967368
700 1 _aZainqui, José María.
_9117857
852 _aES-MaACL
_jC-38780
_bR.77300
999 _c140992
_d140992